| 000 | 00620nam a2200241Ia 4500 | ||
|---|---|---|---|
| 003 | OSt | ||
| 005 | 20220924151908.0 | ||
| 006 | a|||||r|||| 00| 0 | ||
| 007 | ta | ||
| 008 | 220923b |||||||| |||| 00| 0 tel d | ||
| 024 | _a339562 | ||
| 037 | _cTextual | ||
| 040 |
_aARTS _cARTS _btel |
||
| 041 |
_2tel _atel |
||
| 082 | _aV41,3, 35M1 | ||
| 100 |
_aKutumbarao Kondavganti Au. _9225210 |
||
| 245 | 0 | _aKalalu Saraswatham Evari Kosam | |
| 260 | _c1981 | ||
| 300 |
_a86p. _ccm. |
||
| 650 | _aHISTORY | ||
| 942 |
_hV41,3, 35M1 _cTEXL _2CC |
||
| 999 |
_c467981 _d467981 |
||